000 01142nam a2200361 i 4500
001 3572
003 KOSZ 005
005 20220628143406.0
008 971113s1987 pl a f |000 0 pol
015 _aPB 1988/529
040 _aWA N
_cWA N
_dKOSZ 005/HR
046 _k1987
080 _a62-043.86(438)
080 _a005.336
080 _a338.22(438)
080 _a(075.8)
100 1 _aMarciniak, Stefan
_d(1928-2017)
_eRedakcja
245 1 0 _aEkonomika postępu technicznego /
_cStefan Marciniak.
260 _aWarszawa :
_bWydawnictwa Politechniki Warszawskiej,
_c1987.
300 _a86 s. :
_bwykr. ;
_c24 cm.
380 _aKsiążki
388 _a1901-2000
388 _a1945-1989
650 4 _aPostęp techniczny
650 4 _aEkonomika
650 4 _aPolityka gospodarcza
651 4 _aPolska
655 4 _aPodręczniki akademickie
658 _aGospodarka, ekonomia, finanse
710 2 _aWydawnictwa Politechniki Warszawskiej
_4pbl.
856 _uhttp://koha.tu.koszalin.pl/cgi-bin/koha/opac-detail.pl?biblionumber=3572
_yKatalog online BPK
942 _2UKD
_cKS
999 _c3572
_d3572